| 000 | 00672nam a2200253Ia 4500 | ||
|---|---|---|---|
| 003 | GCL | ||
| 008 | 140319s9999 xx 000 0 ara d | ||
| 040 |
_aGCL / _cGCL |
||
| 082 | 0 | 4 |
_a602 _bس ك |
| 100 | 1 | _aسعد شعبان | |
| 245 | 1 | 0 |
_aكنوز العلم / _cسعد شعبان |
| 260 |
_a[S.N] : _bالهيئة المصرية العامة للكتاب ، _c1995 |
||
| 300 | _a240 ص | ||
| 490 | _a | ||
| 650 | 0 | 4 | _aالفضاء |
| 650 | 0 | 4 | _aاليابان |
| 650 | 0 | 4 | _aالثقافة |
| 650 | 0 | 4 | _aالعلوم |
| 650 | 0 | 4 | _aالارض |
| 650 | 0 | 4 | _aمقالات |
| 650 | 0 | 4 | _aالمحيط |
| 650 | 0 | 4 | _aالقمر الصناعى |
| 942 |
_2ddc _cBK |
||
| 999 |
_c37079 _d37079 |
||